| 000 | 00767nam a2200253 a 4500 | ||
|---|---|---|---|
| 001 | 69789 | ||
| 003 | BD-RjUL | ||
| 005 | 20211209081927.0 | ||
| 008 | 170413s1976 nyua b 001 0 eng d | ||
| 020 | _a0471611921 | ||
| 035 | _a(BD-RjUL)70001 | ||
| 040 |
_aDLC _cDLC _dDLC _dBD-RjUL _beng |
||
| 041 | _aeng | ||
| 082 | 0 | 0 |
_a515 _223 _bMIC 1976 |
| 100 | 1 |
_aMizrahi, Abe. _9206714 |
|
| 245 | 1 | 0 |
_aCalculus with applications to business and life sciences / _cAbe Mizrahi and Michael Sullivan. |
| 260 |
_aNew York : _bWiley, _cc1976. |
||
| 300 |
_axiii, 410, 4 p. : _bill ; _c26 cm. |
||
| 504 | _aIncludes bibliographies and index. | ||
| 650 | 0 |
_aCalculus. _9206715 |
|
| 700 | 1 |
_aSullivan, Michael, _ejoint author. _9206716 |
|
| 942 |
_2ddc _cBK |
||
| 999 |
_c69789 _d69789 |
||